000 00392nam a2200145Ia 4500
008 100122s9999 xx 000 0 und d
082 _b33810
_a328.452
100 _aसाठे ताराबाई
245 _aसंसद
260 _bकॉटिनेंटल प्रकाशन
_c1981
300 _a248
630 _aसंसद
730 _aसंसद
942 _cBOOK
999 _c417746
_d417743